Environmental economics (Record no. 5646)
[ view plain ]
| 000 -LEADER | |
|---|---|
| fixed length control field | 00537 a2200205 4500 |
| 001 - CONTROL NUMBER | |
| control field | 131110 |
| 003 - CONTROL NUMBER IDENTIFIER | |
| control field | OSt |
| 005 - DATE AND TIME OF LATEST TRANSACTION | |
| control field | 20210907171918.0 |
| 008 - FIXED-LENGTH DATA ELEMENTS--GENERAL INFORMATION | |
| fixed length control field | |
| 082 ## - DEWEY DECIMAL CLASSIFICATION NUMBER | |
| Classification number | 301.310973 |
| Item number | H19E |
| 100 1# - MAIN ENTRY--PERSONAL NAME | |
| Personal name | Hanley, Nick |
| 245 1# - TITLE STATEMENT | |
| Title | Environmental economics |
| Statement of responsibility, etc | by Nick Hanley, Jason F. Shogren and Ben White |
| 250 ## - EDITION STATEMENT | |
| Edition statement | 2nd ed. |
| 260 ## - PUBLICATION, DISTRIBUTION, ETC. (IMPRINT) | |
| Place of publication, distribution, etc | Uk |
| Name of publisher, distributor, etc | Palgrave macmillan |
| Date of publication, distribution, etc | 2009 |
| 300 ## - PHYSICAL DESCRIPTION | |
| Extent | 459p. |
| 690 ## - LOCAL SUBJECT ADDED ENTRY--TOPICAL TERM (OCLC, RLIN) | |
| Topical term or geographic name as entry element | Environmental economics |
| 700 ## - ADDED ENTRY--PERSONAL NAME | |
| Personal name | Shogren, Jason F. |
| 700 ## - ADDED ENTRY--PERSONAL NAME | |
| Personal name | White, Ban |
| 942 ## - ADDED ENTRY ELEMENTS (KOHA) | |
| Source of classification or shelving scheme | Dewey Decimal Classification |
| Koha item type | Books |
| Withdrawn status | Lost status | Source of classification or shelving scheme | Damaged status | Not for loan | Collection code | Home library | Current library | Date acquired | Source of acquisition | Cost, normal purchase price | Full call number | Barcode | Date last seen | Price effective from | Koha item type |
|---|---|---|---|---|---|---|---|---|---|---|---|---|---|---|---|
| Dewey Decimal Classification | General Text Book | Central University Of Rajasthan | Central University Of Rajasthan | 08/06/2012 | ECO | 8.99 | 301.310973 H19E | 7188 | 21/11/2024 | 02/09/2020 | Books |
